Loading...
| Religion | 0 | 2 | 0 | 0 | 20 | 119 | 131.00 | 0 | 0 | 0.42 | 2.50 |
| Science - Other | 1 | 0 | 0 | 0 | 15 | 39 | 39.00 | 1 | 1 | 6.11 | 9.09 |
| Mythology | 0 | 1 | 0 | 0 | 10 | 89 | 89.00 | 0 | 0 | 3.55 | 3.75 |
| History - American | 0 | 1 | 1 | 0 | 5 | 103 | 103.00 | 0 | 0 | 1.16 | 3.41 |
| History - European | 0 | 1 | 1 | 1 | 5 | 117 | 117.00 | 0 | 0 | 0.91 | 2.27 |
| History - World | 0 | 1 | 1 | 0 | 5 | 127 | 127.00 | 0 | 0 | 0.88 | 3.13 |
| Literature - British | 0 | 0 | 0 | 0 | 0 | 0.00 | 0 | 0 | 0.00 | 0.00 | |
| Literature - European | 0 | 0 | 0 | 0 | 0 | 0.00 | 0 | 0 | 0.00 | 0.00 | |
| Literature - American | 0 | 0 | 0 | 0 | 0 | 0.00 | 0 | 0 | 0.00 | 0.00 | |
| Science - Physics | 0 | 0 | 1 | 0 | -5 | 0.00 | 0 | 0 | 0.00 | 0.00 | |
| Social Science | 0 | 0 | 1 | 0 | -5 | 0.00 | 0 | 0 | 0.00 | 0.00 | |
| Other Academic | 0 | 0 | 1 | 0 | -5 | 0.00 | 0 | 0 | 0.00 | 0.00 | |
| Science - Biology | 0 | 0 | 1 | 0 | -5 | 0.00 | 0 | 0 | 0.00 | 0.00 | |
| History - Other | 0 | 0 | 2 | 0 | -10 | 0.00 | 0 | 0 | 0.00 | 0.00 |